banner-ar

كراسات لجنة حفظ الاثار العربية : (Record no. 65807)

MARC details
000 -الفاتح
حقل البيانات ثابتة الطول 01023nam a22002657a 4500
005 - وقت وتاريخ اخر تعامل مع التسجيلة
رقم الضبط 20240530110844.0
008 - عناصر البيانات ثابتة الطول - معلومات عامة
حقل البيانات ثابتة الطول 201004b ua af f 001 0 ara d
017 ## - رقم الايداع القانونى
رقم الايداع القانونى 2004/7611
المصدر ( الهيئة المختصة) مصر. دار الكتب
020 ## - الرقم الدولى المعيارى للكتب
الرقم الدولى المعيارى للكتاب 9773057246
040 ## - مصدر الفهرسة
وكالة الفهرسة الأصلية EG-CaGPL
وكالة النسخ EG-CaGPL
082 04 - رقم تصنيف ديوى العشرى
رقم الطبعة 21
رقم التصنيف 913.031
رقم المادة ق/ز ك
100 0# - المدخل الرئيسى - إسم شخصى
الإسم الشخصى زاهى حواس
245 10 - بيان العنوان
العنوان كراسات لجنة حفظ الاثار العربية :
بقية العنوان الكراسة السابعة والعشرون /
بيان المسئوليه,etc تقديم زاهى حواس ؛ اعداد عبدالرحمن عبدالتواب
250 ## - بيان الطبعة
بيان الطبعة ط.1
260 ## - PUBLICATION, DISTRIBUTION, ETC. (IMPRINT)
تاريخ النشر أو التوزيع 2004
300 ## - الوصف المادى
التعداد 265 ص. :
تفاصيل ماديه اخرى للوعاء صور ؛
أبعاد الوعاء 28 سم.
650 07 - المدخل الاضافى بالموضوع-مصطلح موضوعى
مصدر الرأس أو المصطلح qrmak
مصطلح موضوعي جامع المعينى
التقسيم الفرعي الجغرافي دمياط
650 07 - المدخل الاضافى بالموضوع-مصطلح موضوعى
مصطلح موضوعي المساجد
التقسيم الفرعي الجغرافي مصر
650 07 - المدخل الاضافى بالموضوع-مصطلح موضوعى
مصطلح موضوعي الاضرحة
التقسيم الفرعي الجغرافي مصر
650 07 - المدخل الاضافى بالموضوع-مصطلح موضوعى
مصطلح موضوعي الجامع الازهر
651 ## - المدخل الاضافى بالموضوع - اسم جغرافى
مصدر الرأس أو المصطلح qrmak
700 0# - المدخل الاضافى - اسم شخصى
الإسم الشخصى عبدالرحمن عبدالتواب
الدور معد
942 ## - عناصر المدخل الإضافي( كوها)
مصدر التصنيف او مخطط الترفيف Dewey Decimal Classification
Koha [default] item type كتاب
260 ## - PUBLICATION, DISTRIBUTION, ETC. (IMPRINT)
-- القاهرة :
-- المجلس الاعلى للاثار،
Holdings
حالة التراجع حالة الفقد حالة تلف ليس للاعارة المكان المؤقت الموقع الحالى موقع الترفيف تاريخ الاكتساب اجمالي اﻻعارات رقم الطلب الباركود تاريخ اخر مشاهدة تاريخ تفعيل السعر نوع وعاء كوها
        مكتبة القاهرة الكبرى مكتبة القاهرة الكبرى   10/04/2020   913.031 ق/ز ك 166928 10/04/2020 10/04/2020 كتاب

Powered By

EGPV